Drapeaux du monde avec couleurs échangées n°2 - Statistiques

Statistiques générales
  • Ce quiz a été pris 27 fois
  • Le résultat moyen est 12 sur 15
Statistiques - réponses
Par images Réponse % Correct
Algérie
95%
Qatar
95%
Slovaquie
95%
Ukraine
95%
Finlande
91%
Bangladesh
86%
Géorgie
86%
Viêt Nam
86%
République Tchèque
82%
Honduras
77%
Sainte Lucie
73%
Colombie
64%
Tanzanie
59%
Guinée Bissau
45%
Iles Salomon
45%
Aucun quiz correspondant
Distribution des résultats
% des personnes avec chaque résultat
Percentile par nombre de réponses
Votre historique - résultats
Vous n’avez pas pris ce quiz